000 00634nam a2200205 i 4500
001 147533
003 ES-MaACL
005 20230906202051.0
007 t|
008 071001s1972 sp |||| | spa d
080 _a801.54
100 1 _aUllmann, Stephen.
_9111936
245 1 0 _aSemántica
_b: introducción a la ciencia del significado /
_cStepen Ullmann ; traducción Juan Martín Ruiz-Werner.
250 _a2ª ed.
_b2ª reimp.
260 _a[Madrid] :
_bAguilar,
_c1972.
300 _aXIV., 320 p. ;
_c22 cm.
650 1 4 _aSemántica.
_917037
700 1 _aMartín Ruiz-Werner, Juan.
_977640
852 _aES-MaACL
_jC-43373
999 _c147533
_d147533